| LEADER | 00694nam a22001937a 4500 | ||
|---|---|---|---|
| 001 | c000101708 | ||
| 003 | CARM | ||
| 005 | 00000000000000.0 | ||
| 008 | 981113s1958 enk 00001 eng d | ||
| 019 | 1 | |a 14248454 |5 LACONCORD2021 | |
| 035 | |a (OCoLC)30251560 |5 LACONCORD2021 | ||
| 040 | |a VLINC |c VLINC | ||
| 100 | 1 | |a Chisholm, Lilian, |d 1906- | |
| 245 | 1 | 0 | |a Give me five farthings / |c by Lilian Chisholm. |
| 260 | |a London : |b Mills & Boon, |c 1958. | ||
| 300 | |a 192 p. | ||
| 852 | 8 | |b CARM |h A2:AI34G0 |i A02004 |p 0149478 |f BK | |
| 999 | f | f | |i 2671a054-d4e7-5ff7-ad52-3f054bf29993 |s a54c074a-5141-505c-8451-e41e26d8963d |
| 952 | f | f | |p Can circulate |a CAVAL |b CAVAL |c CAVAL |d CARM 1 Store |e A02004 |f A2:AI34G0 |h Other scheme |i book |m 0149478 |